El principe de los ladrones : (Record no. 194732)
[ view plain ]
| 000 -LEADER | |
|---|---|
| campo de control de longitud fija | 01367nam a2200349 i 4500 |
| 001 - NÚMERO DE CONTROL | |
| campo de control | 194732 |
| 003 - IDENTIFICADOR DE NÚMERO DE CONTROL | |
| campo de control | SpMaBN |
| 005 - FECHA Y HORA DE LA ÚLTIMA TRANSACCIÓN | |
| campo de control | 20250716034708.0 |
| 007 - CAMPO FIJO DE DESCRIPCIÓN FÍSICA--INFORMACIÓN GENERAL | |
| campo de control de longitud fija | ta |
| 008 - DATOS DE LONGITUD FIJA--INFORMACIÓN GENERAL | |
| campo de control de longitud fija | 2024 s1934 sp j spa |
| 016 7# - NÚMERO DE CONTROL DE UNA AGENCIA BIBLIOGRÁFICA NACIONAL | |
| Número de control del registro | bimoBNE19982518499 |
| Número de control cancelado/no válido | IND9200424674 |
| Fuente | SpMaBN |
| 035 ## - NÚMERO DE CONTROL DEL SISTEMA | |
| Número de control de sistema | (OCoLC)740339531 |
| 035 ## - NÚMERO DE CONTROL DEL SISTEMA | |
| Número de control de sistema | bimo0001004593 |
| 040 ## - FUENTE DE CATALOGACIÓN | |
| Centro catalogador/agencia de origen | SpMaBN |
| Lengua de catalogación | spa |
| Centro/agencia transcriptor | A2 |
| Centro/agencia modificador | SpMaBN |
| Normas de descripción | ES-MaACL |
| 080 ## - NÚMERO DE LA CLASIFICACIÓN DECIMAL UNIVERSAL | |
| Número de la Clasificación Decimal Universal | 821.111-32"18" |
| 100 1# - ENTRADA PRINCIPAL--NOMBRE DE PERSONA | |
| Nombre de persona | Hornung, E. W., |
| Fechas asociadas al nombre | 1866-1921 |
| Número de control del registro de autoridad o número normalizado | XX1724862 |
| 9 (RLIN) | 236375 |
| 245 13 - MENCIÓN DEL TÍTULO | |
| Título | El principe de los ladrones : |
| Resto del título | (novela policiaca) / |
| Mención de responsabilidad, etc. | por Ernesto W. Hornung. |
| 260 ## - PUBLICACIÓN, DISTRIBUCIÓN, ETC. | |
| Lugar de publicación, distribución, etc. | Madrid : |
| Nombre del editor, distribuidor, etc. | Revista Literaria "Novelas y cuentos", |
| Fecha de publicación, distribución, etc. | 1934. |
| 300 ## - DESCRIPCIÓN FÍSICA | |
| Extensión | 24 p. ; |
| Dimensiones | 31 cm |
| 336 ## - TIPO DE CONTENIDO | |
| Fuente | rdacontent |
| Término de tipo de contenido | texto |
| 337 ## - TIPO DE MEDIO | |
| Fuente | rdamedia |
| Nombre/término del tipo de medio | sin mediación |
| 338 ## - TIPO DE SOPORTE | |
| Fuente | rdacarrier |
| Nombre/término del tipo de soporte | volumen |
| 490 1# - MENCIÓN DE SERIE | |
| Mención de serie | Revista literaria "Novelas y cuentos" ; |
| Designación de volumen o secuencia | año 6, n. 281 |
| 500 ## - NOTA GENERAL | |
| Nota general | Incluye La fuente de los lobos, de Arsenio Houssaye |
| 773 ## - ASIENTO DE ITEM FUENTE | |
| Encabezamiento principal | Obras encuadernadas juntas |
| Parte(s) relacionada(s) | G-15980 |
| Número bibliográfico anfitrión | 194566 |
| Número de ítem anfitrión | 202192 |
| 830 #0 - PUNTO DE ACCESO ADICIONAL DE SERIE-TÍTULO UNIFORME | |
| Título uniforme | Revista literaria "Novelas y cuentos" |
| Designación de volumen o secuencia | año 6, n. 281 |
| 9 (RLIN) | 236217 |
| 852 ## - LOCALIZACIÓN | |
| Ubicación | ES-MaACL |
| Ubicación en estantería | Depósito 2 |
| Número de control de estantería | G-15980(17) |
| Donativo/Legado | Legado: Juan Antonio Porto |
| Encuadernación | Encuadernado con otras obras formando un volumen facticio |
| itemnumber | 202192 |
| 942 ## - ELEMENTOS DE ENTRADA SECUNDARIOS (KOHA) | |
| Suprimir en OPAC | No |
| Tipo de ítem Koha | Folleto |
No items available.
